Energy in a finite world 1 paths to a sustainable future

Saved in:
Bibliographic Details
Main Author: Anderer, Jeanne
Other Authors: Mac Donald, Alan, Nakicenovic, Nebojsa
Format: Book
Language:English
Published: Cambridge Ballinger Pub. Co. 1981
Tags: Add Tag
No Tags, Be the first to tag this record!

MARC

LEADER 00000nam a2200000 4500
001 c130229
005 20041019155248.8
041 0 |a eng 
044 |a US 
245 1 0 |a Energy in a finite world 1  |b paths to a sustainable future  |c Jeanne Anderer, Alan Mac Donald, Nebojsa Nakicenovic 
264 1 |a Cambridge  |b Ballinger Pub. Co.  |c 1981 
300 |a 225 s. 
100 1 |a Anderer, Jeanne 
700 1 |a Mac Donald, Alan 
700 1 |a Nakicenovic, Nebojsa